000 00315nam a22001337a 4500
008 170302b xxu||||| |||| 00| 0 eng d
020 _a9781605470313
041 _aeng
080 _23 ED
_a616.073
100 _a6
101 _aSHM
245 _aMAMOGRAPHIC IMAGING APRACTIVAL GUIDE
_cANDOLINA.V.F
942 _2udc
_cBK
999 _c6539
_d6539